000 01646nam a2200253 a 4500
001 000047467
005 20240308073618.0
008 180606s2017 dr 000 0 spa d
020 _a9789945908824
040 _aDO-SdBNP
_bspa
_cBNPHU
082 _axxxx
_bD325b
100 1 _aDeive, Carlos Esteban,
_d1935-2019
_91916
245 1 0 _aBibliotecas privadas y vida cotidiana en la colonia de Santo Domingo /
_cCarlos Esteban Deive ; presentacion Aquiles Castro.
260 _aSanto Domingo :
_bArchivo General de la Nación,
_c2017.
300 _a501 p. ;
_c23 cm.
490 1 _aArchivo General de la Nación
_v314
500 _aIncluye datos biográficos del autor en las solapas.
500 _aÍndice onomástico
504 _aIncluye bibliografía al final de los capítulos
505 0 _aBIBLIOTECAS PRIVADAS:
_tLas obras que Colón leyó --
_tUna vendedora de libros --
_tErasmo viaja a Santo Domingo --
_tLa biblioteca de un cronista --
_tLas Casas, erudito y bibliófilo --
_tEntre la magia y la medicina--
_tUn inventor de genealogías --
_tTres inventarios y los impresos de un mulato --
_tLos trasumptos de un hatero --
_tUn crítico de la oratoria sagrada --
_tVIDA COTIDIANA:
_tLa ciudad de Santo Domingo --
_tUniversidades --
_tDefensa de la colonia --
_tLa vida religiosa --
_tLa honra, ese bien tan preciado --
_tEl todopoderoso sexo --
_tAbusos y corrupciones --
_tMédicos y enfermedades --
_tDiversiones --
_tActividad intelectual --
_tAutores de los siglos XVII al XIX --
_tComida, vestimenta y vivienda.
590 _aInventariado, 2018/LP
700 1 _aCastro, Aquiles,
_eprest.
_923129
830 0 _aArchivo General de la Nación ;
_n314
_975091
999 _c46955
_d46955